| 000 | 01385nam a22003733i 4500 | ||
|---|---|---|---|
| 001 | EBC1767522 | ||
| 003 | MiAaPQ | ||
| 005 | 20250212155759.0 | ||
| 007 | cr cnu|||||||| | ||
| 008 | 250212s2015 xx o ||||0 eng d | ||
| 020 |
_a9781782386988 _q(electronic bk.) |
||
| 020 | _z9781782386971 | ||
| 040 |
_aMiAaPQ _beng _cMiAaPQ |
||
| 100 | 1 |
_aFuhrmann, Wolfgang. _965765 |
|
| 245 | 1 | 0 |
_aImperial Projections : _bScreening the German Colonies. |
| 250 | _a1st ed. | ||
| 264 | 1 |
_aNew York, NY : _bBerghahn Books, Incorporated, _c2015. |
|
| 264 | 4 | _c©2015. | |
| 300 | _a1 online resource (321 pages) | ||
| 336 |
_aText _btxt _2rdacontent |
||
| 337 |
_aComputermedien _bc _2rdamedia |
||
| 338 |
_aOnline Resource _bcr _2rdacarrier |
||
| 490 | 1 |
_aFilm Europa Series ; _vv.17 |
|
| 500 | _aE-Book-ProQuest / Fernzugriff nach Registrierung möglich | ||
| 520 | _aNo detailed description available for "Imperial Projections". | ||
| 655 |
_aFernzugriff _9230 |
||
| 655 | 4 | _aElectronic books. | |
| 776 | 0 | 8 |
_iPrint version: _aFuhrmann, Wolfgang _tImperial Projections _dNew York, NY : Berghahn Books, Incorporated,c2015 _z9781782386971 |
| 830 | 0 |
_aFilm Europa Series _965766 |
|
| 856 | 4 | 0 |
_uhttps://ebookcentral.proquest.com/lib/maxweberstiftung-ebooks/detail.action?docID=1767522 _zVolltext |
| 942 |
_cEB _2z |
||
| 999 |
_c72140 _d72140 |
||